Linear programming : a planning aid for evaluating maximisation and minimisation problems using a micro-computer /

Guardat en:
Dades bibliogràfiques
Autor principal: Turnbull, Elwin D. (Elwin Donald)
Altres autors: Gamble, D. R. (Dennis R.), Kohlhoff, Doug
Format: Llibre
Idioma:English
Publicat: Richmond, N.S.W. : Rural Adjustment and Management Unit, School of Agriculture, Hawkesbury Agricultural College, 1982.
Col·lecció:Occasional paper (Hawkesbury Agricultural College. Rural Adjustment and Management Unit) ; 1/82.
Matèries:
LEADER 01394nam a2200289 a 4500
001 c000052943
003 CARM
005 00000000000000.0
008 s1982 xna 00010 eng d
019 1 |a 3727834  |z 10213215  |5 LACONCORD2021 
035 |a (OCoLC)215965967  |5 LACONCORD2021 
040 |a WU  |c WU 
042 |a anuc 
100 1 |a Turnbull, Elwin D.  |q (Elwin Donald) 
245 1 0 |a Linear programming :  |b a planning aid for evaluating maximisation and minimisation problems using a micro-computer /  |c by Elwin Turnbull, Dennis Gamble, Doug Kohlhoff. 
260 |a Richmond, N.S.W. :  |b Rural Adjustment and Management Unit, School of Agriculture, Hawkesbury Agricultural College,  |c 1982. 
300 |a 40 p. 
490 1 |a Occasional paper / Rural Adjustment and Management Unit, School of Agriculture, Hawkesbury Agricultural College ;  |v 1/82 
650 0 |a Farm management  |x Linear programming. 
650 0 |a Agriculture  |x Data processing. 
650 0 |a Microcomputers. 
700 1 |a Gamble, D. R.  |q (Dennis R.) 
700 1 |a Kohlhoff, Doug. 
830 0 |a Occasional paper (Hawkesbury Agricultural College. Rural Adjustment and Management Unit) ;  |v 1/82. 
852 8 |b CARM  |h A2:AM11D3  |i D05388  |p 0205766  |f BK 
999 f f |i f91de8b5-ba8f-56e7-8826-a81a69d14f15  |s 6f6b98af-26b2-5fc8-8df2-3697d97e2cf6 
952 f f |p Can circulate  |a CAVAL  |b CAVAL  |c CAVAL  |d CARM 1 Store  |e D05388  |f A2:AM11D3  |h Other scheme  |i book  |m 0205766